La normatividad del derecho: deber jurídico y razones para la acción
Guardat en:
| Autor principal: | |
|---|---|
| Format: | Llibre |
| Idioma: | espanyol |
| Publicat: |
Madrid
Centro de Estudios Constitucionales
1991
|
| Matèries: | |
| Etiquetes: |
Afegir etiqueta
Sense etiquetes, Sigues el primer a etiquetar aquest registre!
|
MARC
| LEADER | 00000nam a2200000 a 4500 | ||
|---|---|---|---|
| 001 | UCX9690 | ||
| 003 | CL-VaPUC | ||
| 008 | 940622e19910000SP |||||||||||||||||spa|d | ||
| 082 | 0 | 4 | |a 340.1 |b BAY |2 21 |
| 100 | 0 | |a Bayon Mohino, Juan Carlos |e author |9 327154 | |
| 245 | 1 | 3 | |a La normatividad del derecho: deber jurídico y razones para la acción |
| 300 | |a 801 p | ||
| 942 | |c BK | ||
| 945 | |d 19940622 00:00:00 |a aalvarez | ||
| 260 | |a Madrid |b Centro de Estudios Constitucionales |c 1991 | ||
| 650 | 0 | |a Filosofía del derecho |9 255050 | |
| 583 | |a last modification |c 19940622 00:00:00 |k Rodrigo Vera | ||
| 999 | |c 228857 |d 228855 | ||
| 952 | |0 0 |1 0 |4 0 |6 340_100000000000000_BAY_1991 |7 0 |8 DER_TF |9 229333 |a BIBDER |b BIBDER |d 2019-11-15 |i 2984571 |l 1 |o 340.1 BAY 1991 |p 2984571 |r 2023-01-25 |s 2020-03-17 |w 2019-11-15 |x Ubicación 4to Piso |y BK |z Estos recursos deben solicitarse con anticipación |k DER | ||